Sybase DBA companion (Record no. 202143)

MARC details
000 -LEADER
fixed length control field 00279nam a2200121Ia 4500
008 - FIXED-LENGTH DATA ELEMENTS--GENERAL INFORMATION
fixed length control field 231221s9999 xx 000 0 und d
041 ## - LANGUAGE CODE
Language code of text/sound track or separate title English
082 ## - DEWEY DECIMAL CLASSIFICATION NUMBER
Classification number 001.6424SYB HIT
100 ## - MAIN ENTRY--PERSONAL NAME
Personal name Hitchcock, Braian
245 #0 - TITLE STATEMENT
Title Sybase DBA companion
650 ## - SUBJECT ADDED ENTRY--TOPICAL TERM
Topical term or geographic name entry element Sybase
942 ## - ADDED ENTRY ELEMENTS (KOHA)
Koha item type Compact Disks
Holdings
Date last seen Total checkouts Full call number Accession number Price effective from Category Lost status Damaged status Department Withdrawn status Home library Current library Entry date Grants Billdate Currency symbol Conversion rate Discount Old discount
26/01/2024   001.6424SYB HIT CD309 26/01/2024 Compact Disks     Central Library   Central Library Central Library   MCA 10/08/2009 RS 1   1

© For any Suggestions or Query, please contact the library staff @ librarian@pes.edu or Phone: +9180 2672 1983/ 2108.